| 000 | 00956naa a2200277 c 4500 | ||
|---|---|---|---|
| 001 | 41710 | ||
| 003 | ES-MaCES | ||
| 005 | 20130524132100.0 | ||
| 008 | 110511n2010 sp t 000 | spa d | ||
| 035 | _aCES20110006028v | ||
| 040 |
_aES-MaCES _bspa _cES-MaCES |
||
| 100 | 1 |
_aLópez Ruiz, Carmen _916988 |
|
| 245 | 1 | 3 |
_aEl futuro de nuestro Sistema de Pensiones _cCarmen López |
| 650 | 4 |
_aaspecto demográfico _930428 |
|
| 650 | 4 |
_aderechos sindicales _929470 |
|
| 650 | 4 |
_aplan de cotización definida _930687 |
|
| 650 | 4 |
_agarantías de las inversiones _928142 |
|
| 650 | 4 |
_arégimen de pensión _927042 |
|
| 650 | 4 |
_aenvejecimiento de la población _930614 |
|
| 650 | 4 |
_atrabajador _928414 |
|
| 653 | 1 | 0 | _aAsuntos Sociales |
| 773 | 0 |
_tTemas para el debate _gn. 193 (dic. 2010){10474 R. 078171}; p. 39-41 _w(ES-MaCES)25480 _960735 |
|
| 902 | _aART Artículo de revista | ||
| 942 |
_2CES _cAR _h3.3. |
||
| 999 |
_c41710 _d41710 |
||